Desempeño agropecuario en la década de los noventa : (Registro nro. 8231)

Detalles MARC
000 -LEADER
fixed length control field 01299nam a2200337 a 4500
001 - CONTROL NUMBER
control field 000026395
003 - CONTROL NUMBER IDENTIFIER
control field DO-SdBNP
005 - DATE AND TIME OF LATEST TRANSACTION
control field 20170919135519.0
007 - PHYSICAL DESCRIPTION FIXED FIELD--GENERAL INFORMATION
fixed length control field 000026395
008 - FIXED-LENGTH DATA ELEMENTS--GENERAL INFORMATION
fixed length control field 110316s2000 dr ad 001 0 spa d
040 ## - CATALOGING SOURCE
Original cataloging agency BPMSU
Language of cataloging spa
Transcribing agency BPMSU
082 ## - DEWEY DECIMAL CLASSIFICATION NUMBER
Classification number 338.18
Item number D451a
245 00 - TITLE STATEMENT
Title Desempeño agropecuario en la década de los noventa :
Remainder of title diagnóstico y tendencias relevantes /
Statement of responsibility, etc. investigadores principales Juan Tomas Monegro ; Laura Fiallo
260 0# - PUBLICATION, DISTRIBUTION, ETC. (IMPRINT)
Place of publication, distribution, etc. Santo Domingo :
Name of publisher, distributor, etc. Oficina Nacional de Planificación,
Date of publication, distribution, etc. 2000.
300 ## - PHYSICAL DESCRIPTION
Extent 151 p. :
Other physical details il., gráf. ;
Dimensions 28 cm.
490 1# - SERIES STATEMENT
Series statement La economía dominicana en el 2000
Volume/sequential designation 2
504 ## - BIBLIOGRAPHY, ETC. NOTE
Bibliography, etc Incluye referencias bibliograficas y notas al pie de las páginas.
504 ## - BIBLIOGRAPHY, ETC. NOTE
Bibliography, etc Bibliografía : p. 149-151.
650 #4 - SUBJECT ADDED ENTRY--TOPICAL TERM
Topical term or geographic name as entry element POLÍTICA AGRICOLA
Geographic subdivision REPÚBLICA DOMINICANA
Chronological subdivision 1980-1990
650 #4 - SUBJECT ADDED ENTRY--TOPICAL TERM
Topical term or geographic name as entry element DESARROLLO AGRÍCOLA
Geographic subdivision REPÚBLICA DOMINICANA
Chronological subdivision 1980-1990
651 #4 - SUBJECT ADDED ENTRY--GEOGRAPHIC NAME
Geographic name REPÚBLICA DOMINICANA
General subdivision CONDICIONES RURALES
Chronological subdivision 1980-1990
830 #0 - SERIES ADDED ENTRY--UNIFORM TITLE
Uniform title La Economía dominicana en el 2000
Number of part/section of a work 2
910 ## - USER-OPTION DATA (OCLC)
User-option data Validado. Control de calidad MFF
930 #1 - EQUIVALENCE OR CROSS-REFERENCE-UNIFORM TITLE HEADING [LOCAL, CANADA]
Language of a work
Medium of performance for music
Medium
Field link and sequence number
Date of a work
Name of part/section of a work
Miscellaneous information
942 ## - ADDED ENTRY ELEMENTS (KOHA)
Source of classification or shelving scheme Dewey Decimal Classification
Koha item type Libros
945 ## - LOCAL PROCESSING INFORMATION (OCLC)
a Inventariado / 2017 VM
956 ## - LOCAL ELECTRONIC LOCATION AND ACCESS (OCLC)
Host name
Access number
Compression information
Logon
Processor of request
Access method
956 ## - LOCAL ELECTRONIC LOCATION AND ACCESS (OCLC)
Host name
Access number
Compression information
Logon
Processor of request
956 ## - LOCAL ELECTRONIC LOCATION AND ACCESS (OCLC)
Host name
Access number
Compression information
Logon
Processor of request
956 ## - LOCAL ELECTRONIC LOCATION AND ACCESS (OCLC)
Host name VMATEO
Access number 10
Compression information 20150826
Logon BPMSU
Processor of request 00151
Existencias
Withdrawn status Lost status Source of classification or shelving scheme Damaged status Not for loan Collection code Home library Current library Date acquired Source of acquisition Total Checkouts Full call number Barcode Date last seen Copy number Price effective from Koha item type
    Dewey Decimal Classification     Colección Dominicana Biblioteca Pública Metropolitana Salomé Ureña Biblioteca Pública Metropolitana Salomé Ureña 08/26/2015 FUNDI   338.18 D451a BPMSU15080486 08/26/2015 e. 2 08/26/2015 Libros
    Dewey Decimal Classification     Colección Dominicana Biblioteca Pública Metropolitana Salomé Ureña Biblioteca Pública Metropolitana Salomé Ureña 08/26/2015 FUNDI   338.18 D451a BPMSU15080487 08/26/2015 e. 2 08/26/2015 Libros